000 01079cab a2200397 4500
001 ABS55481
008 090401t1996 xxu||||| |||| 00| 0 eng d
035 _a(Sirsi) u16823
041 _aeng
245 _aFocus `96: Cheshire
260 _c1996
350 _a0
490 _aEstates Gazette
_v(9628) 13 July 1996, 95-127(16)
650 _aBUSINESS PARKS
650 _aCHESHIRE
650 _aCHESTER
650 _aCONGLETON
650 _aCREWE
650 _aELLESMERE PORT
650 _aFOOD RETAILING
650 _aINDUSTRIAL MARKET
650 _aMACCLESFIELD
650 _aNANTWICH
650 _aNORTHWICH
650 _aPROPERTY-COMMERCIAL PROPERTY-OFFICE PROPERTY-OFFICE PROPERTY MARKET
650 _aOUT-OF-TOWN DEVELOPMENT
650 _aPROPERTY-COMMERCIAL PROPERTY-RETAIL PROPERTY-RETAIL PROPERTY MARKET
650 _aRUNCORN
650 _aSUPERMARKETS
650 _aWARRINGTON
650 _aWILMSLOW
650 _aWINSFORD
690 _aPROPERTY-COMMERCIAL PROPERTY-COMMERCIAL PROPERTY MARKET
942 _n0
948 _c04/03/1997
999 _c11132
_d11132